Neplačte pre Argentínu

Argentína - cesta krajiny z bankrotu. Pre Grécko je lekcia z argentínskeho krachu spred desiatich rokov nepríjemnou správou.

Gespeichert in:
Bibliographische Detailangaben
1. Verfasser: Záborský, Ján
Format: Buchkapitel
Sprache:Slowakisch
Schlagworte:
Tags: Tag hinzufügen
Keine Tags, Fügen Sie das erste Tag hinzu!

MARC

LEADER 00000naa a2200000 4500
001 0150024
005 20231113075643.8
041 0 |a slo 
044 |a SK 
245 1 0 |a Neplačte pre Argentínu  |c Ján Záborský 
520 |a Argentína - cesta krajiny z bankrotu. Pre Grécko je lekcia z argentínskeho krachu spred desiatich rokov nepríjemnou správou. 
610 2 0 |a Argentína 
610 2 0 |a bankrot 
610 2 0 |a Grécko 
100 1 |a Záborský, Ján